[Event "Sardaran op 5th"]
[Site "Urmia"]
[Date "2016.07.28"]
[Round "9"]
[White "Akbari, Mohammadreza"]
[Black "Valizadeh, Ali"]
[Result "0-1"]
[WhiteElo "2188"]
[BlackElo "2267"]
[PlyCount "104"]
[EventDate "2016.07.22"]
[EventType "swiss"]
[EventRounds "9"]
[EventCountry "IRI"]
[SourceTitle "CBM 173 Extra"]
[Source "ChessBase"]
[SourceDate "2016.08.29"]
[SourceVersion "1"]
[SourceVersionDate "2016.08.29"]
[SourceQuality "1"]

1. e4 c5 2. Nf3 e6 3. c3 d5 4. exd5 Qxd5 5. d4 Nc6 6. Be2 cxd4 7. cxd4 Nf6 8. Nc3 Qd6 9. 0-0 Be7 10. a3 0-0 11. Bg5 Nd5 12. Ne4 Qd8 13. Rc1 Bxg5 14. Nexg5 Nce7 15. Bd3 h6 16. Ne4 b6 17. Re1 Bb7 18. Bb1 Rc8 19. Qd3 Rxc1 20. Rxc1 f5 21. Nc3 Nxc3 22. bxc3 Qd6 23. a4 Qa3 24. Re1 Qxa4 25. Rxe6 Be4 26. Qf1 Nd5 27. Bxe4 fxe4 28. Rxe4 Nxc3 29. Re7 a5 30. Qe1 Qd1 31. Kf1 a4 32. Qxd1 Nxd1 33. Ra7 b5 34. Ke2 Nb2 35. Kd2 Rc8 36. d5 Rc5 37. d6 Nc4+ 38. Kd3 Nxd6 39. Nd4 Rd5 40. g4 g5 41. Ke3 Rc5 42. Kd3 Nc4 43. Nf5 b4 44. Kd4 Ra5 45. Rg7+ Kf8 46. Kxc4 Rxf5 47. Ra7 Rf4+ 48. Kd3 b3 49. Kc3 Rxg4 50. f3 Rf4 51. Kb2 Rb4 52. h3 Kg8 0-1

[Event "Sardaran op 5th"]
[Site "Urmia"]
[Date "2016.07.25"]
[Round "6"]
[White "Bagheri, Maziar"]
[Black "Akbari, Mohammadreza"]
[Result "1-0"]
[WhiteElo "2298"]
[BlackElo "2188"]
[PlyCount "95"]
[EventDate "2016.07.22"]
[EventType "swiss"]
[EventRounds "9"]
[EventCountry "IRI"]
[SourceTitle "CBM 173 Extra"]
[Source "ChessBase"]
[SourceDate "2016.08.29"]
[SourceVersion "1"]
[SourceVersionDate "2016.08.29"]
[SourceQuality "1"]

1. Nf3 Nf6 2. c4 e6 3. Nc3 d5 4. d4 Be7 5. cxd5 exd5 6. Bg5 h6 7. Bh4 0-0 8. e3 b6 9. Rc1 Bb7 10. Bxf6 Bxf6 11. b4 c6 12. Bd3 a5 13. b5 c5 14. 0-0 Nd7 15. Qd2 g6 16. Rfd1 Bg7 17. Bb1 cxd4 18. Nxd4 Ne5 19. Bd3 Rc8 20. Be2 Qe7 21. Na4 Qf6 22. Rxc8 Rxc8 23. Rc1 Rxc1+ 24. Qxc1 Qd6 25. Qc3 Nd7 26. g3 Nf8 27. Bg4 Ne6 28. Bxe6 fxe6 29. f4 e5 30. fxe5 Bxe5 31. Kg2 h5 32. Nb2 Qc5 33. Qd3 Kh7 34. Na4 Qb4 35. Nxb6 Bc7 36. Nd7 Qe7 37. Ne6 d4+ 38. Kg1 Kh6 39. Ndf8 Qf6 40. exd4 h4 41. Qxg6+ Qxg6 42. Nxg6 hxg3 43. Nxc7 gxh2+ 44. Kxh2 Kxg6 45. d5 Kf6 46. d6 Bc8 47. b6 Bb7 48. Kg3 1-0

[Event "Sardaran op 5th"]
[Site "Urmia"]
[Date "2016.07.23"]
[Round "2"]
[White "Darini, Pouria"]
[Black "Akbari, Mohammadreza"]
[Result "1-0"]
[WhiteElo "2524"]
[BlackElo "2188"]
[PlyCount "91"]
[EventDate "2016.07.22"]
[EventType "swiss"]
[EventRounds "9"]
[EventCountry "IRI"]
[SourceTitle "CBM 173 Extra"]
[Source "ChessBase"]
[SourceDate "2016.08.29"]
[SourceVersion "1"]
[SourceVersionDate "2016.08.29"]
[SourceQuality "1"]

1. e4 c5 2. Nf3 e6 3. d4 cxd4 4. Nxd4 Nc6 5. Nc3 Qc7 6. Be3 a6 7. Qf3 Nf6 8. 0-0-0 Be7 9. Be2 0-0 10. g4 d6 11. g5 Nd7 12. h4 b5 13. Qg3 b4 14. Nb1 Nxd4 15. Rxd4 e5 16. Rxb4 Nc5 17. Nc3 Be6 18. Nd5 Bxd5 19. exd5 Rab8 20. Qg4 Rbc8 21. Bxc5 Qxc5 22. Qe4 Rb8 23. Rxb8 Rxb8 24. f4 Rb4 25. c4 f5 26. Qd3 exf4 27. a3 Rb8 28. Rf1 g6 29. Rxf4 Bf8 30. b4 Qg1+ 31. Rf1 Qh2 32. h5 Bg7 33. Qe3 Be5 34. Kd1 Re8 35. hxg6 hxg6 36. c5 Kf7 37. Qf2 Qh3 38. Qf3 Qh4 39. Qg4 Qh2 40. Qc4 Qg3 41. Qd3 Qxg5 42. Qxa6 Bc3 43. Qd3 Re3 44. Qc2 Qg2 45. Rxf5+ gxf5 46. Bh5+ 1-0

[Event "IRI-ch"]
[Site "Zahedan"]
[Date "2012.12.15"]
[Round "11"]
[White "Maghsoodloo, Parham"]
[Black "Akbari, Mohammadreza"]
[Result "1-0"]
[WhiteElo "2030"]
[BlackElo "2047"]
[PlyCount "109"]
[EventDate "2012.12.07"]
[EventType "swiss"]
[EventRounds "11"]
[EventCountry "IRI"]
[SourceTitle "EXT 2014"]
[Source "ChessBase"]
[SourceDate "2013.11.20"]
[SourceVersion "1"]
[SourceVersionDate "2013.11.20"]
[SourceQuality "1"]

1. Nf3 d5 2. e3 Nf6 3. b3 Bf5 4. Bb2 e6 5. Be2 Bd6 6. Ne5 0-0 7. 0-0 c5 8. d3 Nc6 9. Nxc6 bxc6 10. f4 h6 11. Nd2 Qe7 12. Bf3 Bh7 13. g3 Rad8 14. e4 dxe4 15. dxe4 c4 16. Qe2 cxb3 17. axb3 Bc5+ 18. Kh1 Bd4 19. c3 Bc5 20. Nc4 Qb7 21. b4 Bb6 22. Nxb6 axb6 23. c4 Qe7 24. e5 Ne8 25. Rfd1 Rxd1+ 26. Qxd1 f6 27. Qa4 c5 28. b5 fxe5 29. Bxe5 Nd6 30. Qa7 Qxa7 31. Rxa7 Nf7 32. Bc7 Bd3 33. Bxb6 Bxc4 34. Bxc5 Bxb5 35. Bxf8 Kxf8 36. Kg2 g6 37. Kf2 Kg7 38. Rb7 Bc4 39. Ke3 Kf6 40. Kd4 Bf1 41. Rb6 h5 42. Bd1 Bh3 43. Ba4 Nh6 44. Kc5 Nf5 45. Bd7 Ng7 46. Kd6 Nf5+ 47. Kc7 Ne3 48. Kd8 Nf1 49. Rb2 Bg4 50. Ke8 Ne3 51. Kf8 Nf5 52. Be8 h4 53. Rb7 Nd6 54. Rd7 Nxe8 55. Rf7# 1-0

[Event "IRI-ch"]
[Site "Zahedan"]
[Date "2012.12.13"]
[Round "9"]
[White "Noroozi, Omid"]
[Black "Akbari, Mohammadreza"]
[Result "1-0"]
[WhiteElo "2366"]
[BlackElo "2047"]
[PlyCount "63"]
[EventDate "2012.12.07"]
[EventType "swiss"]
[EventRounds "11"]
[EventCountry "IRI"]
[SourceTitle "EXT 2014"]
[Source "ChessBase"]
[SourceDate "2013.11.20"]
[SourceVersion "1"]
[SourceVersionDate "2013.11.20"]
[SourceQuality "1"]

1. c4 e5 2. Nc3 Nc6 3. Nf3 g6 4. d4 exd4 5. Nd5 Nb4 6. Nxd4 Nxd5 7. cxd5 c5 8. Nf3 d6 9. Bg5 Qb6 10. e4 Bg7 11. a4 a6 12. Bd3 Qxb2 13. Rc1 Bh6 14. Bxh6 Nxh6 15. 0-0 0-0 16. h3 Qg7 17. Re1 Re8 18. Qb3 f6 19. Qb6 Qe7 20. Nd2 Nf7 21. f4 g5 22. fxg5 fxg5 23. e5 Nxe5 24. Nc4 Qg7 25. Qxd6 Nf3+ 26. gxf3 Qd4+ 27. Kg2 Bxh3+ 28. Kxh3 Qxd3 29. Kg3 Qd4 30. Re6 b5 31. Ne5 Rad8 32. Rg6+ 1-0

[Event "IRI-ch"]
[Site "Zahedan"]
[Date "2012.12.10"]
[Round "5"]
[White "Akbari, Mohammadreza"]
[Black "Valizadeh, Ali"]
[Result "0-1"]
[WhiteElo "2047"]
[BlackElo "2207"]
[PlyCount "110"]
[EventDate "2012.12.07"]
[EventType "swiss"]
[EventRounds "11"]
[EventCountry "IRI"]
[SourceTitle "EXT 2014"]
[Source "ChessBase"]
[SourceDate "2013.11.20"]
[SourceVersion "1"]
[SourceVersionDate "2013.11.20"]
[SourceQuality "1"]

1. e4 c5 2. Nc3 Nc6 3. g3 g6 4. d3 Bg7 5. Bg2 d6 6. Nge2 e6 7. 0-0 Nge7 8. Be3 Nd4 9. Qd2 Qa5 10. Nc1 Nec6 11. Nb3 Qd8 12. f4 0-0 13. Rae1 Nb4 14. Bxd4 cxd4 15. Nb5 Nc6 16. Qf2 e5 17. f5 Bh6 18. c3 a6 19. Na3 dxc3 20. bxc3 f6 21. Nc4 Ne7 22. Nb6 Rb8 23. g4 Bd7 24. Re2 Bc6 25. Na5 gxf5 26. gxf5 Kh8 27. Nac4 d5 28. exd5 Nxd5 29. Nxd5 Bxd5 30. Qh4 Bg5 31. Qh3 Rg8 32. Kh1 b5 33. Ne3 Bxg2+ 34. Nxg2 Rc8 35. Rc2 Qa5 36. c4 Qa4 37. Rb2 Qa3 38. Rfb1 Rxc4 39. Ne1 Rc7 40. Qf3 Qd6 41. Rg2 Qc6 42. Qe4 Bf4 43. Rc2 Be3 44. Rg2 Rxg2 45. Nxg2 Bf2 46. Qb4 Rg7 47. Qe4 Qxe4 48. dxe4 Rc7 49. Rf1 Rc2 50. a3 Ra2 51. h4 Bd4 52. Rf3 Re2 53. h5 Kg7 54. Rg3+ Kh6 55. Rg4 a5 0-1